Alle Stationen der Linie S1 (NRW) - Statistiken

Allgemein
  • Dieses Quiz wurde 114 mal gespielt
  • Das Durchschnittsergebnis liegt bei 20 aus 39
Antwortstatistiken
Station % Korrekt
Essen Hbf
93%
Dortmund Hbf
91%
Bochum Hbf
83%
Duisburg Hbf
83%
Düsseldorf Hbf
80%
Solingen Hbf
76%
Düsseldorf Flughafen
67%
Essen Steele
65%
Mülheim Hbf
63%
Dortmund Universität
61%
Dortmund Dorstfeld
59%
Essen West
59%
Bochum Langendreer
54%
Bochum Ehrenfeld
52%
Dortmund Kley
52%
Essen Steele Ost
52%
Dortmund Dorstfeld Süd
50%
Düsseldorf Zoo
50%
Mülheim Styrum
50%
Dortmund Oespel
48%
Bochum Langendreer West
46%
Essen Eiberg
46%
Düsseldorf Derendorf
43%
Hilden
43%
Duisburg Schlenk
41%
Düsseldorf Unterrath
41%
Wattenscheid-Höntrop
41%
Düsseldorf Wehrhahn
37%
Essen Frohnhausen
37%
Düsseldorf Oberbilk
35%
Angermund
33%
Düsseldorf Eller
33%
Düsseldorf Volksgarten
33%
Solingen Vogelpark
33%
Duisburg Großenbaum
30%
Duisburg Rahm
30%
Hilden Süd
30%
Duisburg Buchholz
28%
Düsseldorf Eller Mitte
26%
Keine übereinstimmenden Quizze gefunden
Verteilung der Resultate
Anzahl Personen mit jedem Resultat
Perzentil nach korrekt beantworteten Fragen
Ihre Resultats-Entwicklung
Sie haben dieses Quiz noch nicht gespielt